000 00613nam a2200229Ia 4500
003 OSt
005 20220918192549.0
006 a|||||r|||| 00| 0
007 ta
008 220917b |||||||| |||| 00| 0 eng d
024 _a69,031
037 _cTextual
040 _aARTS
_cARTS
_beng
041 _2eng
_aeng
082 _aR3:Q:31x, J3,J3;1
100 _aHartshorne Charles
_978941
245 0 _aPhilosophers speak of God
260 _c1953
700 _a Reese William L
_979446
942 _hR3:Q:31x, J3,J3;1
_cTEXL
_2CC
999 _c195194
_d195194